ドボンクイズ〜再生数の多いボカロ曲〜 - Statistics

General Stats
  • This quiz has been taken 1,689 times
  • The average score is 4 of 24
Answers on the Grid
Answers color-coded by a green-red scale on the quiz's grid according to % correct below.
恋愛裁判
オーバーライド
天ノ弱
混沌ブギ
乙女解剖
神のまにまに
ゴーストルール
ビターチョコデコレーション
匿名M
告白ライバル宣言
エンヴィーベイビー
ねぇねぇねぇ。
阿吽のビーツ
聖槍爆裂ボーイ
赤い紙と青い紙
ごめんね ごめんね
イガク
ラヴィ
ヒビカセ
命ばっかり
ラヴィット
帝国少女
キャットラビング
Alice in 冷凍庫
何でも言うことを聞いてくれるアカリちゃん
バグ
ジェヘナ
ジャンキーナイトタウンオーケストラ
カゲロウデイズ
アイデンティティ
初音ミクの消失
失敗作少女
ボルテッカー
デビルじゃないもん
裏表ラバーズ
メンタルチェンソー
おこちゃま戦争
深海少女
Surges
アルティメットセンパイ
 
Answer Stats
Answer % Correct
乙女解剖
33%
オーバーライド
31%
天ノ弱
31%
混沌ブギ
29%
ゴーストルール
25%
匿名M
25%
神のまにまに
24%
恋愛裁判
22%
イガク
20%
ビターチョコデコレーション
17%
ラヴィ
11%
告白ライバル宣言
10%
エンヴィーベイビー
10%
聖槍爆裂ボーイ
10%
命ばっかり
10%
帝国少女
10%
ねぇねぇねぇ。
9%
ヒビカセ
9%
ラヴィット
9%
ごめんね ごめんね
8%
阿吽のビーツ
7%
キャットラビング
6%
Alice in 冷凍庫
6%
赤い紙と青い紙
5%
No matching quizzes found
Score Distribution
Percent of People with Each Score
Percentile by Number Answered
Your Score History
You have not taken this quiz